00601nam a2200217 a 4500001001300000003000900013005001700022008004100039020001000080082001700090100001500107245004800122260003200170300000900202500003500211505004600246650002500292650002200317650002900339700001500368nice12345678IN_TiNIC20260116015249.0050524s1994 irea grp 000 0 eng  ac10000a201.65bBUR1 aBurns, J K aIslam, Christianity, Life Science and Unity aIrelandbStress Booksc1994 a337p aincludes index and biblioraphy2 aNotes and References, Bibliography, Index aScience and Religion aIslam and Science aChristianity and Science1 aBurns, J K